| 000 | 00403nam a22001697a 4500 | ||
|---|---|---|---|
| 003 | CEME | ||
| 005 | 20210628205237.0 | ||
| 008 | 210223b xxu||||| |||| 00| 0 eng d | ||
| 020 | _a81-203-0815-8 | ||
| 040 | _c. | ||
| 082 | _a621.395 BIS'L | ||
| 100 |
_aBiswas, N. N _974551 |
||
| 245 | _aLogic design theory | ||
| 260 |
_aNEWDELHI _bPRENTICE HALL _c1994 |
||
| 300 | _aXIII, 306P | ||
| 942 |
_cBK _2ddc |
||
| 999 |
_c580067 _d580067 |
||